Heidegger

Uloženo v:
Podrobná bibliografie
Hlavní autor: Steiner, George (Autor)
Médium: Kniha
Jazyk:španělština
Vydáno: Ciudad de México Fondo de Cultura Económica 1986
Edice:Breviarios del Fondo de Cultura Económica, 347
Témata:
Tagy: Přidat tag
Žádné tagy, Buďte první, kdo vytvoří štítek k tomuto záznamu!

MARC

LEADER 00000nam a2200000 a 4500
001 UCX2982
003 CL-VaPUC
008 910910e19860000MX |||||||||||||||||spa|d
082 0 4 |a 142.7  |b STE  |2 21 
100 0 |a Steiner, George  |e author  |9 319114 
245 1 0 |a Heidegger 
300 |a 214 p 
942 |c BK 
945 |d 19910910 00:00:00 
260 |a Ciudad de México  |b Fondo de Cultura Económica  |c 1986 
650 0 |a Filosofía alemana   |9 265002 
650 0 |a Crítica e interpretación   |9 255042 
583 |a last modification  |c 19910910 00:00:00  |k Rodrigo Vera 
490 0 |a Breviarios del Fondo de Cultura Económica, 347 
999 |c 223875  |d 223873 
952 |0 0  |1 0  |4 0  |6 142_700000000000000_STE_1986  |7 0  |8 A  |9 220106  |a BIBEDU  |b BIBEDU  |d 2019-11-15  |i 2887738  |o 142.7 STE 1986  |p 2887738  |r 2019-11-15  |w 2019-11-15  |y BK  |k FIL 
952 |0 0  |1 0  |4 0  |6 142_700000000000000_STE_1986  |7 0  |8 A  |9 220107  |a BIBEDU  |b BIBEDU  |d 2019-11-15  |i 2887746  |o 142.7 STE 1986  |p 2887746  |r 2019-11-15  |w 2019-11-15  |y BK  |k FIL